| 000 | 01314cam a2200313 a 4500 | ||
|---|---|---|---|
| 001 | 1391 | ||
| 005 | 20250724115613.0 | ||
| 020 | _a9780152065454 (reinforced) | ||
| 020 | _a0152065458 (reinforced) | ||
| 040 |
_aDLC _cDLC _dBTCTA _dBAKER _dTEF _dDLC |
||
| 050 | 0 | 0 |
_aSB63.M22 _bW56 2008 |
| 082 | 0 | 0 |
_a333.72092 _aB _222 |
| 100 | 1 | _aWinter, Jeanette. | |
| 245 | 1 | 0 |
_aWangari's trees of peace : _ba true story from Africa / _cJeanette Winter. |
| 260 |
_aNew York : _bScholastic, _c2008. |
||
| 300 |
_a30 unnumbered pages : _bcolor illustrations ; _c28 cm. |
||
| 505 | _aK | ||
| 520 | _aThis true story of Wangari Maathai, environmentalist and winner of the Nobel Peace Prize, is a shining example of how one woman's passion, vision, and determination inspired great change. | ||
| 521 |
_a600
_bLexile AD |
||
| 521 |
_aK
_bRaz-Plus |
||
| 650 | 0 |
_aTree planters (Persons) _zKenya _vBiography _vJuvenile literature. |
|
| 650 | 0 |
_aWomen conservationists _zKenya _vBiography _vJuvenile literature. |
|
| 650 | 0 |
_aWomen politicians _zKenya _vBiography _vJuvenile literature. |
|
| 650 | 1 |
_aTree planters (Persons) _zKenya _vBiography. |
|
| 650 | 1 |
_aWomen conservationists _zKenya _vBiography. |
|
| 650 | 1 |
_aWomen politicians _zKenya _vBiography. |
|
| 906 |
_a7 _bcbc _corignew _d1 _eecip _f20 _gy-gencatlg |
||
| 942 |
_2lcc _cBK _n0 |
||
| 999 |
_c1391 _d1391 |
||